All Cities in Timor-Leste - Statistics

General Stats
  • This quiz has been taken 23 times
  • The average score is 4 of 16
Answer Stats
Answer Population % Correct
Dili 150,000
100%
Aileu 17,356
25%
Ainaro 12,000
25%
Baukau 16,000
25%
Gleno 8,133
25%
Maliana 22,000
25%
Manatutu 1,924
25%
Maubara 16,300
25%
Pante Makasar 4,730
25%
Same 7,500
25%
Suai 21,539
25%
Viqueque 6,078
25%
Likisá 19,000
0%
Lospalos 17,186
0%
Metinaro 4,000
0%
Venilale 16,000
0%
No matching quizzes found
Score Distribution
Percent of People with Each Score
Percentile by Number Answered
Your Score History
You have not taken this quiz